Микромагнитная съемка и её геологические возможности

Bibliographic Details
Main Author: Федюк В. И. Валентин Иосифович
Language:Russian
Published: Москва, Госгеолтехиздат, 1958
Subjects:
Format: Book
KOHA link:https://koha.lib.tpu.ru/cgi-bin/koha/opac-detail.pl?biblionumber=91082

MARC

LEADER 00000nam0a2200000 4500
001 91082
005 20231031103859.0
035 |a (RuTPU)RU\TPU\book\97659 
090 |a 91082 
100 |a 20060220d1958 m y0rusy50 ca 
101 0 |a rus 
102 |a RU 
105 |a a z 001zy 
200 1 |a Микромагнитная съемка и её геологические возможности  |f В. И. Федюк 
210 |a Москва  |d 1958  |c Госгеолтехиздат 
215 |a 64 с.  |c ил. 
320 |a Библиогр.: с. 62-63 
610 1 |a съемка 
610 1 |a микромагнитная съемка 
610 1 |a применение 
610 1 |a аппаратура 
610 1 |a перспективы 
675 |a 55.083.8  |v 3 
700 1 |a Федюк  |b В. И.  |g Валентин Иосифович 
801 1 |a RU  |b 63413507  |c 20060220  |g PSBO 
801 2 |a RU  |b 63413507  |c 20191225  |g PSBO 
942 |c BK